000 00868nam a2200205Ia 4500
003 OSt
005 20241009160728.0
007 ca aa aaaaa
008 201103s9999 xx 000 0 und d
040 _cSSBUL
041 _abur
082 _223
_a၂၉၄.၃၄၃၅၀၉ ကျိုက်
_b၉၁၄၇ S-SAT
245 0 0 _aကျိုက္ခမီမြို့ရေလယ်ဘုရားကြီးသမိုင်း။
250 _aပဉ္စမအကြိမ်။
260 _aရန်ကုန် ၊
_bဇွဲ- စာပုံနှိပ်တိုက်၊
_c၁၉၈၁။
300 _a၅၆ စာမျက်နှာ ၊
_c၁၈ စင်တီ။
500 _aS-SAT: Dr. Sai Aung Tun
650 _aကျိုက္ခမီရေလယ်ဘုရားကြီး
_vသမိုင်း
_954987
942 _2ddc
_cBK1
999 _c16683
_d16683